000 00653nam a22002297a 4500
003 UA-OsUOA
001 95741
007 ta
008 20130306b un ||||| |||| 00| 0 ukr d
100 _aКардин В.
090 _a821.161.1
_bК21
942 _cBK
040 _aUA-OsUOA
_brus
_cUA-OsUOA
_dUA-OsUOA
245 _aМинута пробужденья
_bповесть об Александре Бестужеве
300 _a442 с.
955 _a3
041 _arus
080 _a821.161.1
260 _aМ.
_bПолитиздат
_c1984
650 7 _a82 Література. Літературознавство
_2UDC
999 _c381966
_d381966